The Confederation and the Constitution, 1783-1789 / (Record no. 9430)
[ view plain ]
| 000 -LEADER | |
|---|---|
| fixed length control field | 00842cam a22002531a 4500 |
| 001 - CONTROL NUMBER | |
| JCCL Control Number | 9430 |
| 003 - CONTROL NUMBER IDENTIFIER | |
| JCCL marc code | BD-JhCC |
| 005 - DATE AND TIME OF LATEST TRANSACTION | |
| control field | 20180314120044.0 |
| 008 - FIXED-LENGTH DATA ELEMENTS--GENERAL INFORMATION | |
| fixed length control field | 740910s1962 nyu b 001 0 eng |
| 035 ## - SYSTEM CONTROL NUMBER | |
| system control number | (OCoLC)1002828 |
| -- | (BD-JhCC)9430 |
| 040 ## - CATALOGING SOURCE | |
| Original cataloging agency | DLC |
| Transcribing agency | N |
| Modifying agency | OCoLC |
| -- | MoSU-L |
| -- | DLC |
| -- | BD-JhCC |
| 041 ## - LANGUAGE CODE | |
| Language code of Book | eng |
| 050 00 - LIBRARY OF CONGRESS CALL NUMBER | |
| Classification number | E303 |
| Item number | .M41 1962 |
| 082 ## - DEWEY DECIMAL CLASSIFICATION NUMBER | |
| Classification number | 973.318 |
| Author mark and Year | MCL 1962 |
| 100 1# - MAIN ENTRY--PERSONAL NAME | |
| Personal name | McLaughlin, Andrew C. |
| Fuller form of name | (Andrew Cunningham), |
| Dates associated with a name | 1861-1947. |
| 245 14 - TITLE STATEMENT | |
| Title | The Confederation and the Constitution, 1783-1789 / |
| Statement of responsibility, etc | Andrew Cunningham McLaughlin ; with new foreword by Henry Steele Commager. |
| 260 ## - PUBLICATION, DISTRIBUTION, ETC. (IMPRINT) | |
| Place of publication, distribution, etc | New York : |
| Name of publisher, distributor, etc | Collier Books, |
| Date of publication, distribution, etc | c1962. |
| 300 ## - PHYSICAL DESCRIPTION | |
| Pagination | 222 p. ; |
| Dimensions | 18 cm. |
| 500 ## - GENERAL NOTE | |
| General note | Includes index. |
| 504 ## - BIBLIOGRAPHY, ETC. NOTE | |
| Bibliography, etc | Bibliography: p. 208-210. |
| 651 #0 - SUBJECT ADDED ENTRY--GEOGRAPHIC NAME | |
| Geographic name | United States |
| General subdivision | History |
| Chronological subdivision | Confederation, 1783-1789. |
| 942 ## - ADDED ENTRY ELEMENTS (KOHA) | |
| Source of classification or shelving scheme | Dewey Decimal Classification |
| Koha item type | Books |
| Source of classification or shelving scheme | Damaged status | Not for loan | Home library | Current library | Shelving location | Date of accession | Total Checkouts | Full call number | Barcode | Date last seen | Copy number | Koha item type |
|---|---|---|---|---|---|---|---|---|---|---|---|---|
| Dewey Decimal Classification | JCC Rouf Library | JCC Rouf Library | General Stacks | 03/14/2018 | 973.318 MCL 1962 | 12191 | 03/14/2018 | C-1 | Books |